000 01453nam a2200409 i 4500
001 193041
003 ES-MaREB
005 20240723063036.0
007 ta
008 230726s2023 sp a 000 0aspa c
017 _aB 1734-2023
020 _a9788411072489
035 _aES-VlRAB002076148
035 _aCCBIP01475262
040 _aRABEL
_bspa
_cES-MaACL
080 _a929 Gibson Ian
100 1 _aGibson, Ian,
_d1939-
_956666
_eaut
245 1 3 _aUn carmen en Granada :
_bmemorias de un hispanista dublinés /
_cIan Gibson.
250 _a1ª ed.
260 _aBarcelona :
_bTusquets,
_c2023.
300 _a327 p. ;
_c23 cm.
336 _2rdacontent
_aTexto
337 _2rdamedia
_asin mediación
338 _2rdacarrier
_avolumen
490 1 _aTiempo de Memoria ;
_v150
500 _aCatalogación provisional. Signatura: N 8846. Depósito J.
586 8 _aXXXV Premio Comillas de Historia, Biografía y Memorias, 2022
600 1 4 _aGibson, Ian,
_d1939-
_956666
655 7 _aAutobiografías
_9226823
830 _9180241
_aTiempo de memoria ;
_v150
852 _aES-MaACL
_cDEPOJ
_jN-8846
_gFirmado y dedicado por el autor
_hDonación: ¿autor?
_xRústica con solapas
_zEn proceso
_9200346
942 _n0
_cMONOGRAFIA
999 _c193041
_d193041